Geografia per Lettere - I - Statistics

Statistiche generali
  • Questo quiz è stato fatto 173 volte
  • Il punteggio medio è 9 su 20
Statistiche sulle risposte
Categoria Risposta % Corretto
Stato Asiatico India - Indonesia - Iran - Iraq - Israele
100%
Oceano Indiano
99%
Stato Europeo Irlanda - Islanda - Italia
98%
Stato USA Idaho - Illinois - Indiana - Iowa
95%
Penisola Indocina - Iberica - Irlanda - Inishowen - Iveragh - Izu - Italiana
90%
Mare Europeo Irlanda - Ionio
83%
Stato di 5 Lettere India
73%
Città Asiatica (1mil+) Incheon - Istanbul - İzmir - Islamabad
54%
Capitale di uno Stato USA Indianapolis
44%
Capitale del Mondo Islamabad
41%
Isola Greca Ikaria - Inousses - Ios - Iraklia - Itaca
38%
Fiume (1000km) Iguazú - Ili - Indigirka - Indo - Iriri - Irrawaddy - Išim
34%
Città del Regno Unito (100k+) Islington - Ipswich
31%
Città che ha Ospitato un'Olimpiade Innsbruck
17%
Popolo di Indigeni Nord Americano Illiniwek - Iowa - Irochesi - Inuit - Innu
15%
Isola Giapponese Iwo Jima - Izu Ōshima - Iki - Iriomote
8%
Città Russa (250k+) Irkutsk - Ivanovo - Izhevsk
5%
Città USA non Capitale (100k+) Independence - Irving
2%
Città Messicana (100k+) Iguala - Irapuato - Ixtapaluca
1%
Contea Inglese Isola di Wight
1%
Nessun quiz corrispondente trovato
Distribuzione punteggi
Percentuale di utenti per punteggio
Percentile per numero di risposta
I tuoi punteggi nel tempo
Non hai fatto questo quiz